00874nam a2200229 i 4500003000900000005001700009007000300026008004100029040003000070041000800100082003300108100005000141245005000191250004400241264005900285300005500344336002700399337003300426338002800459600009100487651006600578DO-SdBNP20260304075610.0ta100907t1979 dr ac 001 0bspa d aDO-SdBNPbspacBNPHUerda aspa 4a923.17293053bT866a 19792221 aArzeno Rodríguez, Luis,d1922-eautor4aut.10aCosas de Trujillo /cLuis Arzeno Rodríguez. asegunda edición corregida y aumentada 1aSanto Domingo :bPublicaciones América, S.A.,c1979. a119 páginas :bilustraciones, retratos ;c22 cm. atextobtxt2rdacontent asin mediaciónbn2rdamedia avolumenbnc2rdacarrier10aTrujillo Molina, Rafael Leónidas,d1891-1961vAnécdotas, chistes y sátiras, etc. 4aRepública DominicanaxHistoria yEra de Trujillo, 1930-1961